Countries, Territories, Unrecognized Countries - 12 minute sprint - Statistics

General Stats
  • This quiz has been taken 23 times
  • The average score is 123 of 300
Answer Stats
Answer % Correct
United States/USA
83%
Guam
67%
Abkhazia
58%
Antigua and Barbuda
58%
Armenia
58%
Azerbaijan
58%
Belize
58%
Brazil
58%
Canada
58%
Central African Republic
58%
Costa Rica
58%
Cuba
58%
Democratic Republic of Congo/DRC
58%
Dominica
58%
Dominican Republic
58%
El Salvador
58%
Falkland Islands
58%
Fiji
58%
French Polynesia
58%
Gibraltar
58%
Greenland
58%
Guatemala
58%
Haiti
58%
Honduras
58%
Ireland
58%
Kiribati
58%
Mexico
58%
Netherlands
58%
Nicaragua
58%
Niue
58%
Northern Mariana Islands
58%
Panama
58%
Saint Lucia
58%
South Ossetia
58%
Transnistria
58%
Uzbekistan
58%
Afghanistan
50%
Anguilla
50%
Argentina
50%
Aruba
50%
Australia
50%
Austria
50%
Barbados
50%
Bhutan
50%
Brunei
50%
Bulgaria
50%
Cayman Islands
50%
Chad
50%
Chile
50%
Denmark
50%
Ecuador
50%
Egypt
50%
Equatorial Guinea
50%
Estonia
50%
Federated States of Micronesia
50%
Finland
50%
France
50%
Gabon
50%
Georgia
50%
Germany
50%
Greece
50%
Guadeloupe
50%
Guernsey
50%
Guinea
50%
Guinea-Bissau
50%
Guyana
50%
India
50%
Indonesia
50%
Iran
50%
Italy
50%
Jamaica
50%
Japan
50%
Jersey
50%
Kosovo
50%
Latvia
50%
Lesotho
50%
Liberia
50%
Libya
50%
Lithuania
50%
Luxembourg
50%
Mali
50%
Malta
50%
Martinique
50%
Moldova
50%
Monaco
50%
Montserrat
50%
Morocco
50%
Nauru
50%
Nepal
50%
New Zealand
50%
Niger
50%
Nigeria
50%
North Korea
50%
North Macedonia
50%
Norway
50%
Palestine
50%
Paraguay
50%
Peru
50%
Poland
50%
Portugal
50%
Puerto Rico
50%
Reunion
50%
Romania
50%
Russia
50%
Saint Helena
50%
Saint Kitts and Nevis
50%
Saint Vincent and the Grenadines
50%
Samoa
50%
San Marino
50%
Saudi Arabia
50%
Singapore
50%
Somalia
50%
South Africa
50%
South Korea
50%
Spain
50%
Sri Lanka
50%
Suriname
50%
Sweden
50%
Switzerland
50%
Tajikistan
50%
Tonga
50%
Turkmenistan
50%
Ukraine
50%
Uruguay
50%
U.S Virgin Islands
50%
Vanuatu
50%
Vatican City
50%
Venezuela
50%
Vietnam
50%
Yemen
50%
Zambia
50%
Zimbabwe
50%
Albania
42%
Algeria
42%
American Samoa
42%
Andorra
42%
Angola
42%
Bahamas
42%
Bahrain
42%
Belarus
42%
Belgium
42%
Benin
42%
Bermuda
42%
Bonaire
42%
Botswana
42%
British Indian Ocean Territory
42%
British Virgin Islands
42%
Burundi
42%
Cambodia
42%
Cameroon
42%
Canary Islands
42%
Cape Verde
42%
China
42%
Colombia
42%
Comoros
42%
Cook Islands
42%
Curacao
42%
Cyprus
42%
Czech Republic
42%
Djibouti
42%
Eswatini
42%
Ethiopia
42%
Faroe Islands
42%
Gambia
42%
Ghana
42%
Grenada
42%
Iceland
42%
Iraq
42%
Israel
42%
Jordan
42%
Kazakhstan
42%
Kenya
42%
Kyrgyzstan
42%
Laos
42%
Lebanon
42%
Liechtenstein
42%
Madagascar
42%
Malaysia
42%
Maldives
42%
Mauritania
42%
Mauritius
42%
Mayotte
42%
Mongolia
42%
Namibia
42%
New Caledonia
42%
Norfolk Island
42%
Oman
42%
Pakistan
42%
Palau
42%
Papua New Guinea
42%
Philippines
42%
Qatar
42%
Rwanda
42%
Saint Martin
42%
São Tomé and Príncipe
42%
Scotland
42%
Senegal
42%
Serbia
42%
Seychelles
42%
Sierra Leone
42%
Sint Maarten
42%
Slovakia
42%
Slovenia
42%
South Sudan
42%
Sudan
42%
Svalbard
42%
Syria
42%
Taiwan
42%
Tanzania
42%
Thailand
42%
Tibet
42%
Timor-Leste/East Timor
42%
Togo
42%
Tokelau
42%
Trinidad and Tobago
42%
Tunisia
42%
Turkey
42%
Tuvalu
42%
Uganda
42%
United Arab Emirates/UAE
42%
Wales
42%
Bolivia
33%
Bosnia and Herzegovina
33%
Christmas Island
33%
Croatia
33%
England
33%
Eritrea
33%
French Guiana
33%
Hong Kong
33%
Hungary
33%
Isle of Man
33%
Ivory Coast
33%
Kuwait
33%
Macau
33%
Malawi
33%
Montenegro
33%
Mozambique
33%
Myanmar
33%
Northern Cyprus
33%
Northern Ireland
33%
Pitcairn Islands
33%
Republic of Congo
33%
Saba
33%
Saint Barthélemy
33%
Saint Pierre and Miquelon
33%
Solomon Islands
33%
Somaliland
33%
Turks and Caicos
33%
Western Sahara
33%
Azores
25%
Bangladesh
25%
Burkina Faso
25%
Johnston Atoll
25%
Madeira
25%
Marshall Islands
25%
Midway Atoll
25%
Sint Eustatius
25%
South Georgia and South Sandwich Islands
25%
Akrotiri and Dhekelia
17%
Aland
17%
Australian Antarctic Territory
17%
Baker Island
17%
Balearic Islands
17%
Bouvet Island
17%
Chilean Antarctic Territory
17%
Clipperton Island
17%
Cocos (Keeling) Islands
17%
Easter Island
17%
Galapagos Islands
17%
Howland Island
17%
Jan Mayen
17%
Jarvis Island
17%
Kingman Reef
17%
Navassa Island
17%
Palmyra Atoll
17%
Peter I Island
17%
Queen Maud Land
17%
Tristan da Cunha
17%
Wake Island
17%
Wallis and Futuna
17%
Zanzibar
17%
Adelie Land
8%
Argentine Antarctica
8%
Ascension Island
8%
Ashmore and Cartier Islands
8%
British Antarctic Territory
8%
Coral Sea Islands
8%
Corsica
8%
Crozet Islands
8%
Federal Dependencies of Venezuela
8%
Heard and McDonald Islands
8%
Kerguelen Islands
8%
Marie Byrd Land
8%
Ross Dependency
8%
Saint Paul and Amsterdam Islands
8%
Alderney
0%
Plazas de Soberanía
0%
Sardinia
0%
Scattered Islands
0%
Sicily
0%
No matching quizzes found
Score Distribution
Percent of People with Each Score
Percentile by Number Answered
Your Score History
You have not taken this quiz